ساز مغرب : (Record no. 107737)

MARC details
000 -LEADER
fixed length control field 00859nam a22002537a 4500
005 - DATE AND TIME OF LATEST TRANSACTION
control field 20170123162330.0
010 ## - LIBRARY OF CONGRESS CONTROL NUMBER
LC control number 956709
020 ## - INTERNATIONAL STANDARD BOOK NUMBER
Terms of availability 20.00
035 ## - SYSTEM CONTROL NUMBER
System control number 956709
037 ## - SOURCE OF ACQUISITION
Source of stock number/acquisition Cen Lib/Ret
040 ## - CATALOGING SOURCE
Original cataloging agency DPL
Language of cataloging UR
082 ## - DEWEY DECIMAL CLASSIFICATION NUMBER
Classification number 841
Item number ح س ن
100 ## - MAIN ENTRY--PERSONAL NAME
Personal name حسن الدین احمد
9 (RLIN) 107741
245 ## - TITLE STATEMENT
Title ساز مغرب :
Statement of responsibility, etc حسن الدین احمد
Remainder of title اردو آہنگ میں /
246 ## - VARYING FORM OF TITLE
Title proper/short title Saz-e-maghrib : urdu ke aahing mein /
Remainder of title by Husian-Uddin Ahmad
260 ## - PUBLICATION, DISTRIBUTION, ETC. (IMPRINT)
Place of publication, distribution, etc ہیودرآباد
Name of publisher, distributor, etc ولا اکادمی
Date of publication, distribution, etc 1978
270 ## - ADDRESS
Address عزیز باغ سلطان پورہ
City ہیودرآباد
Postal code 500024
300 ## - PHYSICAL DESCRIPTION
Extent 352p.
Dimensions 21cm(Hb)
650 ## - SUBJECT ADDED ENTRY--TOPICAL TERM
Topical term or geographic name as entry element ادب - اردو
9 (RLIN) 121114
650 ## - SUBJECT ADDED ENTRY--TOPICAL TERM
Topical term or geographic name as entry element اردو نظم
9 (RLIN) 121115
650 ## - SUBJECT ADDED ENTRY--TOPICAL TERM
Topical term or geographic name as entry element Literature -- Urdu
9 (RLIN) 121116
650 ## - SUBJECT ADDED ENTRY--TOPICAL TERM
Topical term or geographic name as entry element Urdu poetry
9 (RLIN) 121117
942 ## - ADDED ENTRY ELEMENTS (KOHA)
Source of classification or shelving scheme Dewey Decimal Classification
Koha item type Urdu Bks
Classification part 841
Call number suffix ح س ن
Holdings
Withdrawn status Lost status Damaged status Not for loan Home library Current library Date acquired Source of acquisition Cost, normal purchase price Total Checkouts Full call number Barcode Date last seen Copy number Cost, replacement price Price effective from Koha item type Source of classification or shelving scheme
        Central Library Central Library 11/01/2016 Cen Lib/Ret 20.00   841 ح س ن 956709 11/01/2016 1 20.00 11/01/2016 Urdu Bks  
        Central Library Central Library 12/10/2016 Cen Lib / Ret 20.00   841 ح س ن A-212810 12/10/2016 2 20.00 12/10/2016 Urdu Bks Dewey Decimal Classification
        Central Library Central Library 12/10/2016 Cen Lib / Ret 20.00   841 ح س ن 987760 12/10/2016 3 20.00 12/10/2016 Urdu Bks Dewey Decimal Classification

© Delhi Public Library
Hit Counter
free hit counter